Nandini; (Record no. 86813)

MARC details
000 -LEADER
fixed length control field 00587cam a22002051 4500
001 - CONTROL NUMBER
control field sa 68015938
003 - CONTROL NUMBER IDENTIFIER
control field DLC
005 - DATE AND TIME OF LATEST TRANSACTION
control field 20260227112650.0
008 - FIXED-LENGTH DATA ELEMENTS--GENERAL INFORMATION
fixed length control field 700604s1967 ii 000 0 eng
010 ## - LIBRARY OF CONGRESS CONTROL NUMBER
LC control number sa 68015938
025 ## - OVERSEAS ACQUISITION NUMBER
Overseas acquisition number PL480:I-E-10056
040 ## - CATALOGING SOURCE
Original cataloging agency DLC
Transcribing agency DLC
Modifying agency DLC
050 00 - LIBRARY OF CONGRESS CALL NUMBER
Classification number PZ4.N724
Item number Nan
Classification number PR9499.3
100 1# - MAIN ENTRY--PERSONAL NAME
Personal name Nirody, B. S.
245 10 - TITLE STATEMENT
Title Nandini;
Remainder of title a novel,
Statement of responsibility, etc. by B. S. Nirody.
260 ## - PUBLICATION, DISTRIBUTION, ETC.
Place of publication, distribution, etc. [Delhi]
Name of publisher, distributor, etc. Publications Division, Ministry of Information & Broadcasting, Govt. of India
Date of publication, distribution, etc. [1967]
300 ## - PHYSICAL DESCRIPTION
Extent 167 p.
Dimensions 22 cm.
350 ## - PRICE (NR) (BK AM CF MU VM SE) [OBSOLETE]
Price 4.00
651 #0 - SUBJECT ADDED ENTRY--GEOGRAPHIC NAME
Geographic name India
General subdivision Fiction.

No items available.

Powered by Koha